[Event "2nd Borloy Androvitzky Karoly GM Memoria"]
[Site "Budapest"]
[Date "2011.07.02"]
[Round "1.1"]
[White "Gavrilov, Alexei"]
[Black "Szablowski, Pawel"]
[Result "1-0"]
[WhiteElo "2481"]
[BlackElo "2433"]
[PlyCount "129"]
[EventDate "2011.07.02"]

1. d4 e6 2. c4 b6 3. a3 Bb7 4. Nc3 f5 5. d5 Nf6 6. g3 Na6 7. Bg2 Nc5 8. Bf4
Nce4 9. Nxe4 Nxe4 10. Nf3 exd5 11. cxd5 Bd6 12. Bxd6 Nxd6 13. O-O O-O 14. Rc1
Rc8 15. Rc2 Qe7 16. Qd4 Qe4 17. Rd2 Nc4 18. Ng5 Qxd4 19. Rxd4 b5 20. a4 Nd6 21.
h4 Ba6 22. axb5 Bxb5 23. Re1 Rb8 24. e3 Rb7 25. Ra1 a6 26. b3 Re8 27. Nh3 Ne4
28. Nf4 Nc5 29. Ra3 Rb6 30. h5 Kf7 31. b4 Ne4 32. Ra1 g5 33. hxg6+ hxg6 34. Rc1
c6 35. dxc6 Bxc6 36. Nd3 Re7 37. Nc5 Nxc5 38. bxc5 Rb5 39. Rd6 Bxg2 40. Kxg2 a5
41. c6 dxc6 42. Rcxc6 g5 43. Rf6+ Ke8 44. Rc8+ Kd7 45. Ra8 g4 46. Rh6 Rbe5 47.
Rha6 {after 18 move} 47... a4 48. Rxa4 Ke6 49. Rf8 Kd5 50. Ra5+ Ke4 51. Ra4+
Kd5 52. Kf1 Ke6 53. Ra6+ Kd5 54. Rd8+ Kc5 55. Ra1 Kc6 56. Rc8+ Kb7 57. Rf8 Rb5
58. Rf6 Rd5 59. Kg2 Rb5 60. Rh1 Ree5 61. Rh5 Rec5 62. Rg5 Kb8 63. Rf7 Rd5 64.
Re7 Rd2 65. e4 1-0

[Event "2nd Borloy Androvitzky Karoly GM Memoria"]
[Site "Budapest"]
[Date "2011.07.02"]
[Round "1.2"]
[White "Feher, Adam"]
[Black "Blasko, Istvan"]
[Result "1-0"]
[WhiteElo "2323"]
[BlackElo "2347"]
[PlyCount "59"]
[EventDate "2011.07.02"]

1. e4 c5 2. Nf3 d6 3. d4 Nf6 4. Nc3 cxd4 5. Nxd4 Nc6 6. Bg5 Bd7 7. Qd2 a6 8.
O-O-O b5 9. Nxc6 Bxc6 10. Qe2 h6 11. Bxf6 gxf6 12. Kb1 e6 13. Nd5 Ra7 14. Qe3
Rd7 15. Qc3 Bxd5 16. exd5 Rc7 17. Qa5 Qc8 18. dxe6 fxe6 19. Bd3 Rg8 20. Rhe1
Kf7 21. g3 Rg5 22. Qb4 Rcc5 23. f4 Rgd5 24. Qe4 f5 25. Qf3 Bg7 26. g4 Rd4 27.
gxf5 exf5 28. Rg1 Qd8 29. Qh5+ Kf8 30. Rxg7 1-0

[Event "2nd Borloy Androvitzky Karoly GM Memoria"]
[Site "Budapest"]
[Date "2011.07.02"]
[Round "1.5"]
[White "Varga, Zoltan"]
[Black "Vajda, Levente"]
[Result "1/2-1/2"]
[WhiteElo "2483"]
[BlackElo "2504"]
[PlyCount "49"]
[EventDate "2011.07.02"]

1. e4 e5 2. Nf3 Nf6 3. Nxe5 d6 4. Nf3 Nxe4 5. Nc3 Nxc3 6. dxc3 Be7 7. Be3 Nc6
8. Qd2 Be6 9. O-O-O Qd7 10. Kb1 Bf6 11. Bg5 Bxg5 12. Nxg5 O-O-O 13. Bb5 h6 14.
Nxe6 fxe6 15. Rhe1 Kb8 16. f4 Rde8 17. g3 a6 18. Ba4 b5 19. Bb3 Na5 20. c4 Nxb3
21. axb3 Qc6 22. Qd4 Re7 23. Re2 Rhe8 24. Rde1 Kb7 25. Re3 1/2-1/2

[Event "2nd Borloy Androvitzky Karoly GM Memoria"]
[Site "Budapest"]
[Date "2011.07.03"]
[Round "2.1"]
[White "Szablowski, Pawel"]
[Black "Vajda, Levente"]
[Result "0-1"]
[WhiteElo "2433"]
[BlackElo "2504"]
[PlyCount "100"]
[EventDate "2011.07.02"]

1. e4 e5 2. Nf3 Nc6 3. Bb5 a6 4. Ba4 Nf6 5. O-O Be7 6. Re1 b5 7. Bb3 O-O 8. h3
Bb7 9. d3 d6 10. a3 h6 11. Nbd2 Re8 12. Nf1 Bf8 13. Ne3 Ne7 14. Ng4 Nxg4 15.
hxg4 Ng6 16. g5 d5 17. gxh6 gxh6 18. Nh2 c5 19. Bxd5 Bxd5 20. exd5 Qxd5 21. Qh5
Re6 22. Ng4 Qc6 23. g3 Rd8 24. Bxh6 Rd5 25. Re4 c4 26. Bxf8 cxd3 27. cxd3 Kxf8
28. Rae1 Qc5 29. Qh6+ Kg8 30. Rc1 Qf8 31. Qg5 Qd8 32. Qh5 Rxd3 33. Rce1 Rd5 34.
b4 Kf8 35. Qh6+ Ke8 36. Qh5 Rd4 37. Qf5 Rxe4 38. Qxe4 Kf8 39. Qf5 Qd2 40. Rf1
e4 41. Ne3 Qb2 42. Rd1 Rf6 43. Qc8+ Kg7 44. Nf5+ Kh7 45. Kg2 Nh4+ 46. Nxh4 e3
47. Rd5 Qe2 48. g4 Qxf2+ 49. Kh3 Qf1+ 50. Kg3 Qe1+ 0-1

[Event "2nd Borloy Androvitzky Karoly GM Memoria"]
[Site "Budapest"]
[Date "2011.07.03"]
[Round "2.4"]
[White "Blasko, Istvan"]
[Black "Mihok, Oliver"]
[Result "1/2-1/2"]
[WhiteElo "2347"]
[BlackElo "2457"]
[PlyCount "70"]
[EventDate "2011.07.02"]

1. d4 d5 2. Nf3 Nf6 3. c4 e6 4. Nc3 c6 5. cxd5 exd5 6. Bg5 h6 7. Bxf6 Qxf6 8.
e3 Bd6 9. Bd3 O-O 10. h3 Bf5 11. Bxf5 Qxf5 12. O-O Nd7 13. Qb1 Qh5 14. b4 b5
15. a4 a6 16. a5 f5 17. Qb3 Rae8 18. Ne2 Rf6 19. Rac1 Qf7 20. g3 Bb8 21. h4 g5
22. hxg5 hxg5 23. Nxg5 Qh5 24. Rxc6 Qxg5 25. Qxd5+ Rf7 26. Rxa6 Kg7 27. Kg2 Rh8
28. Qf3 Nf6 29. Rh1 Rxh1 30. Kxh1 Ng4 31. Kg1 Qh5 32. Rc6 Qh2+ 33. Kf1 Qh8 34.
Kg1 Qh2+ 35. Kf1 Qh8 1/2-1/2

[Event "2nd Borloy Androvitzky Karoly GM Memoria"]
[Site "Budapest"]
[Date "2011.07.04"]
[Round "3.1"]
[White "Feher, Adam"]
[Black "Szablowski, Pawel"]
[Result "1-0"]
[WhiteElo "2323"]
[BlackElo "2433"]
[PlyCount "99"]
[EventDate "2011.07.02"]

1. e4 g6 2. d4 Bg7 3. Nf3 d6 4. Bc4 Nf6 5. Nbd2 O-O 6. O-O Nc6 7. c3 e5 8. dxe5
dxe5 9. Qe2 Nh5 10. Rd1 Nf4 11. Qe1 Qf6 12. g3 Nh3+ 13. Kg2 Nd8 14. Ng1 Nxg1
15. Kxg1 Ne6 16. Nf1 Ng5 17. Bxg5 Qxg5 18. Ne3 Kh8 19. Nd5 c6 20. Qe3 Qd8 21.
Nb4 Qe7 22. Bf1 Be6 23. Nd3 Qc7 24. Nc5 Bc8 25. Nb3 b6 26. Nd2 f5 27. exf5 gxf5
28. Bg2 Be6 29. f4 e4 30. Nf1 Qf7 31. a3 Rfd8 32. Rd2 Bb3 33. Kh1 c5 34. Qe1 c4
35. Ne3 Rd3 36. Bf1 b5 37. Bxd3 cxd3 38. Qf2 a5 39. Rg1 b4 40. cxb4 axb4 41. g4
bxa3 42. bxa3 Bd4 43. gxf5 Rxa3 44. Qh4 Qf6 45. Qh3 Ra8 46. Rdg2 Qb6 47. Rg6
Bxe3 48. Qh6 Qd4 49. Rg7 Bg8 50. f6 1-0

[Event "2nd Borloy Androvitzky Karoly GM Memoria"]
[Site "Budapest"]
[Date "2011.07.04"]
[Round "3.2"]
[White "Mihok, Oliver"]
[Black "Gavrilov, Alexei"]
[Result "0-1"]
[WhiteElo "2457"]
[BlackElo "2481"]
[PlyCount "122"]
[EventDate "2011.07.02"]

1. e4 e5 2. Nf3 Nc6 3. Bb5 a6 4. Ba4 Nf6 5. O-O Be7 6. Re1 b5 7. Bb3 d6 8. c3
O-O 9. h3 Na5 10. Bc2 c5 11. d4 Nd7 12. Nbd2 exd4 13. cxd4 Nc6 14. d5 Nce5 15.
Nxe5 Nxe5 16. f4 Ng6 17. Nf3 Bh4 18. Nxh4 Qxh4 19. f5 Ne5 20. Rf1 Bd7 21. Bf4
Rfe8 22. Kh2 b4 23. Bg3 Qh6 24. Rf4 g5 25. fxg6 hxg6 26. Kg1 Kg7 27. Qd2 f6 28.
Raf1 Bb5 29. R1f2 Rf8 30. Qd1 Rae8 31. h4 Rf7 32. h5 g5 33. Rf5 Bd7 34. Ba4
Bxf5 35. Bxe8 Bg4 36. Qa4 Re7 37. Bxe5 Rxe5 38. Bg6 Bxh5 39. Bf5 Bf7 40. g3 g4
41. Rf4 Rxf5 42. Rxf5 Qe3+ 43. Kh2 Qxe4 44. Qd7 Qe2+ 45. Kg1 Qe3+ 46. Kh2 Qh6+
47. Kg1 Qe3+ 48. Kh2 Qd2+ 49. Kg1 Qd4+ 50. Rf2 c4 51. Qxd6 Bxd5 52. Qd7+ Kh6
53. Qd6 Kg6 54. Qf4 Qxf4 55. Rxf4 c3 56. bxc3 bxc3 57. Rxg4+ Kf5 58. Rg7 Ke4
59. Kf2 c2 60. Rc7 Kd3 61. a3 Bc4 0-1

[Event "2nd Borloy Androvitzky Karoly GM Memoria"]
[Site "Budapest"]
[Date "2011.07.04"]
[Round "3.3"]
[White "Balazs, Gabor"]
[Black "Blasko, Istvan"]
[Result "1/2-1/2"]
[WhiteElo "2383"]
[BlackElo "2347"]
[PlyCount "104"]
[EventDate "2011.07.02"]

1. d4 Nf6 2. c4 g6 3. Nc3 d5 4. cxd5 Nxd5 5. Bd2 Nb6 6. Bg5 Bg7 7. e3 h6 8. Bh4
c5 9. dxc5 Bxc3+ 10. bxc3 Qxd1+ 11. Rxd1 N6d7 12. e4 Nxc5 13. f3 Be6 14. Rd2 a6
15. Ne2 Nc6 16. Bf2 Na4 17. Nd4 Bd7 18. Nxc6 Bxc6 19. Bd4 O-O 20. Bc4 Rac8 21.
Bb3 Bb5 22. c4 Be8 23. Kf2 Nc5 24. Be3 Kg7 25. Rhd1 Nxb3 26. axb3 b5 27. Rd8
Bc6 28. Rxf8 Rxf8 29. Bc5 Kf6 30. Bd4+ Ke6 31. cxb5 Bxb5 32. Bg7 Rc8 33. Bxh6
Rc2+ 34. Rd2 Rxd2+ 35. Bxd2 f5 36. Ke3 fxe4 37. Kxe4 Kf7 38. h4 e6 39. Bc3 Be2
40. g4 Bd1 41. b4 Bc2+ 42. Kf4 Bd3 43. Kg5 Bc2 44. Kf4 Bd3 45. h5 gxh5 46. gxh5
Bc2 47. Ke5 Bd3 48. h6 Bf5 49. Kd6 Kg6 50. Bg7 Kh7 51. Ke7 Bh3 52. Kf6 Bf5
1/2-1/2

[Event "2nd Borloy Androvitzky Karoly GM Memoria"]
[Site "Budapest"]
[Date "2011.07.04"]
[Round "3.5"]
[White "Vajda, Levente"]
[Black "Szabo, Bence"]
[Result "1/2-1/2"]
[WhiteElo "2504"]
[BlackElo "2362"]
[PlyCount "136"]
[EventDate "2011.07.02"]

1. e4 c5 2. c3 d5 3. exd5 Qxd5 4. d4 Nf6 5. Nf3 e6 6. Bd3 Be7 7. O-O O-O 8. Qe2
Nc6 9. dxc5 Qxc5 10. Nbd2 Qh5 11. Re1 b6 12. Nf1 Bb7 13. Ng3 Qc5 14. Rd1 Nd8
15. Bf4 Qc8 16. c4 Nc6 17. a3 a5 18. Ne4 Rd8 19. Nc3 Nd7 20. Na4 Bf6 21. Be4
Ra6 22. Bd6 Na7 23. Bxb7 Qxb7 24. Ne5 Nc6 25. Ng4 Bd4 26. Rd3 Nc5 27. Bxc5 bxc5
28. Qe4 Qe7 29. Qe2 f5 30. Ne3 Ne5 31. Rb3 Rad6 32. h3 Qh4 33. Nf1 Ng6 34. Rg3
Nf4 35. Qc2 Nh5 36. Rf3 Nf6 37. Nc3 g6 38. Re1 e5 39. Nb5 e4 40. Rb3 a4 41. Rc3
R6d7 42. b4 f4 43. Qe2 Bxc3 44. Nxc3 Re8 45. Rb1 e3 46. fxe3 fxe3 47. Nxa4 cxb4
48. axb4 Nh5 49. Nb6 Nf4 50. Qf3 Rd3 51. g3 Nxh3+ 52. Kg2 Qd4 53. Qc6 Rf8 54.
Kxh3 e2 55. Qe6+ Kg7 56. Qxe2 Rdf3 57. Nd5 h5 58. Nh2 Rf2 59. Qe3 Qxc4 60. Qc3+
Qxc3 61. Nxc3 g5 62. Ne4 g4+ 63. Nxg4 hxg4+ 64. Kxg4 Re2 65. Ng5 Rb8 66. b5 Re5
67. b6 Kg6 68. Nh3 Re4+ 1/2-1/2

[Event "2nd Borloy Androvitzky Karoly GM Memoria"]
[Site "Budapest"]
[Date "2011.07.05"]
[Round "4.1"]
[White "Szablowski, Pawel"]
[Black "Szabo, Bence"]
[Result "1-0"]
[WhiteElo "2433"]
[BlackElo "2362"]
[PlyCount "45"]
[EventDate "2011.07.02"]

1. f4 Nf6 2. Nf3 g6 3. b3 Bg7 4. Bb2 O-O 5. e3 d6 6. Be2 c5 7. O-O Nc6 8. Qe1
e5 9. fxe5 Ng4 10. Nc3 Ngxe5 11. Nxe5 Nxe5 12. Qg3 Be6 13. Rad1 Nc6 14. Na4
Bxb2 15. Nxb2 f5 16. d4 cxd4 17. exd4 d5 18. Bb5 Ne7 19. Nd3 b6 20. Ne5 Kg7 21.
Rde1 Qc8 22. Nd7 f4 23. Qg5 1-0

[Event "2nd Borloy Androvitzky Karoly GM Memoria"]
[Site "Budapest"]
[Date "2011.07.05"]
[Round "4.2"]
[White "Lorscheid, Gerhard"]
[Black "Vajda, Levente"]
[Result "0-1"]
[WhiteElo "2265"]
[BlackElo "2504"]
[PlyCount "60"]
[EventDate "2011.07.02"]

1. d4 Nf6 2. c4 c5 3. d5 b5 4. cxb5 a6 5. bxa6 Bxa6 6. Nc3 g6 7. Nf3 d6 8. g3
Bg7 9. Bg2 Nbd7 10. Rb1 O-O 11. O-O Qa5 12. Bd2 Rfb8 13. Qc2 Qc7 14. Rfd1 Nb6
15. Bc1 Bc8 16. b3 Bd7 17. a4 Qc8 18. e4 c4 19. Nd4 cxb3 20. Rxb3 Nxa4 21. Ra3
Ng4 22. Bf3 Bxd4 23. Rxd4 Ne5 24. Bd1 Nb6 25. Rxa8 Rxa8 26. Rb4 Qc5 27. Rb1
Nbc4 28. Be2 h5 29. Nd1 Bg4 30. Ne3 Nxe3 0-1

[Event "2nd Borloy Androvitzky Karoly GM Memoria"]
[Site "Budapest"]
[Date "2011.07.05"]
[Round "4.3"]
[White "Blasko, Istvan"]
[Black "Varga, Zoltan"]
[Result "0-1"]
[WhiteElo "2347"]
[BlackElo "2483"]
[PlyCount "38"]
[EventDate "2011.07.02"]

1. d4 d5 2. c4 dxc4 3. e3 e5 4. Bxc4 Nc6 5. Nf3 e4 6. Nfd2 Qg5 7. Kf1 f5 8. Nc3
Nf6 9. d5 Ne5 10. Nb5 Bd6 11. f4 exf3 12. Nxf3 Nxf3 13. Nxd6+ cxd6 14. gxf3 f4
15. Qe2 Bh3+ 16. Ke1 O-O 17. e4 Rfe8 18. Bd2 Nxe4 19. fxe4 Qh4+ 0-1

[Event "2nd Borloy Androvitzky Karoly GM Memoria"]
[Site "Budapest"]
[Date "2011.07.06"]
[Round "5.1"]
[White "Mihok, Oliver"]
[Black "Szablowski, Pawel"]
[Result "1/2-1/2"]
[WhiteElo "2457"]
[BlackElo "2433"]
[PlyCount "76"]
[EventDate "2011.07.02"]

1. e4 e6 2. d4 d5 3. Nc3 Nf6 4. Bg5 Bb4 5. e5 h6 6. Bc1 Ne4 7. Qg4 g6 8. Nge2
Nxc3 9. Nxc3 c5 10. a3 Bxc3+ 11. bxc3 Qa5 12. Bd2 Qa4 13. c4 Nc6 14. dxc5 Qxc2
15. Rc1 Qb2 16. Qf4 Qxe5+ 17. Qxe5 Nxe5 18. Bc3 f6 19. cxd5 exd5 20. f4 Nc6 21.
Bxf6 O-O 22. Bb2 Rxf4 23. g3 Re4+ 24. Kd2 Na5 25. Bg2 Nb3+ 26. Kc2 Nxc1 27.
Bxe4 dxe4 28. Bxc1 Bf5 29. Be3 Rc8 30. Rd1 b6 31. Rd5 h5 32. Kc3 bxc5 33. Rxc5
Rd8 34. Bd4 e3 35. Re5 Rc8+ 36. Kb3 Rb8+ 37. Kc3 Rc8+ 38. Kb3 Rb8+ 1/2-1/2

[Event "2nd Borloy Androvitzky Karoly GM Memoria"]
[Site "Budapest"]
[Date "2011.07.06"]
[Round "5.3"]
[White "Varga, Zoltan"]
[Black "Gavrilov, Alexei"]
[Result "0-1"]
[WhiteElo "2483"]
[BlackElo "2481"]
[PlyCount "116"]
[EventDate "2011.07.02"]

1. e4 e5 2. Nf3 Nc6 3. Bb5 a6 4. Ba4 Nf6 5. O-O Be7 6. Re1 b5 7. Bb3 d6 8. c3
O-O 9. h3 Na5 10. Bc2 c5 11. d4 Nd7 12. dxc5 dxc5 13. Nbd2 Bb7 14. Qe2 Re8 15.
Rd1 Qc7 16. b3 Nc6 17. Nf1 b4 18. cxb4 Nxb4 19. Bb2 Nc6 20. Rac1 Nd4 21. Bxd4
cxd4 22. b4 Qc6 23. Bd3 Qd6 24. N1d2 Nb6 25. Nb3 Na4 26. Bc4 Qf6 27. Na5 Rab8
28. Nxb7 Rxb7 29. Bd5 Rb6 30. a3 Nc3 31. Rxc3 dxc3 32. Qc4 g6 33. Qxc3 Bf8 34.
g3 Kg7 35. Kg2 Bd6 36. Qe3 Bc7 37. Rc1 Bd8 38. Rc8 Rd6 39. Qd3 Re7 40. Qc3 Bb6
41. h4 h6 42. Rc4 Ba7 43. Qd2 Red7 44. Nh2 Kh7 45. Qe2 Qg7 46. Rc8 Bb6 47. h5
Rd8 48. hxg6+ fxg6 49. Rc2 Rf8 50. Qg4 Rdf6 51. f3 Be3 52. Rc3 h5 53. Qh3 Bd4
54. Rc2 Kh8 55. Qh4 Be3 56. Qh3 Qh6 57. Re2 Qg5 58. Rc2 Bb6 0-1

[Event "2nd Borloy Androvitzky Karoly GM Memoria"]
[Site "Budapest"]
[Date "2011.07.06"]
[Round "5.4"]
[White "Vajda, Levente"]
[Black "Blasko, Istvan"]
[Result "1-0"]
[WhiteElo "2504"]
[BlackElo "2347"]
[PlyCount "79"]
[EventDate "2011.07.02"]

1. e4 e6 2. d4 d5 3. Nc3 dxe4 4. Nxe4 Nd7 5. Nf3 Be7 6. Be2 Ngf6 7. Nxf6+ Bxf6
8. c3 c5 9. dxc5 Nxc5 10. Be3 Qc7 11. Qc2 O-O 12. h4 e5 13. Ng5 g6 14. Bxc5
Qxc5 15. Ne4 Qe7 16. h5 Be6 17. Bf3 Bg7 18. hxg6 hxg6 19. g4 Rad8 20. Qc1 Rd7
21. Qe3 b6 22. Be2 Rfd8 23. Bb5 Rd5 24. Bc4 R5d7 25. Qe2 Bxc4 26. Qxc4 Rd3 27.
Qc6 Qd7 28. Qxd7 R8xd7 29. g5 Kf8 30. Rh7 Kg8 31. Rh4 Kf8 32. Ke2 Ke7 33. Rh7
Bf8 34. Rh8 Rd8 35. Rah1 R3d7 36. R1h3 Ke6 37. Rf3 Be7 38. Rh7 Rf8 39. Rg7 Bd8
40. Rxg6+ 1-0

[Event "2nd Borloy Androvitzky Karoly GM Memoria"]
[Site "Budapest"]
[Date "2011.07.06"]
[Round "5.5"]
[White "Szabo, Bence"]
[Black "Lorscheid, Gerhard"]
[Result "1-0"]
[WhiteElo "2362"]
[BlackElo "2265"]
[PlyCount "127"]
[EventDate "2011.07.02"]

1. d4 d5 2. c4 c6 3. Nf3 Nf6 4. Nc3 a6 5. c5 Nbd7 6. Bf4 Nh5 7. Qd2 Nxf4 8.
Qxf4 g6 9. e4 dxe4 10. Bc4 Nf6 11. Ne5 e6 12. Nxe4 Be7 13. O-O-O O-O 14. h4
Nxe4 15. Qxe4 f5 16. Qe3 Bf6 17. h5 g5 18. Kb1 Qe7 19. Bb3 Kh8 20. g4 f4 21.
Qe4 Bd7 22. Rhe1 Rad8 23. Nc4 Bc8 24. f3 Rfe8 25. Bc2 Qc7 26. Rd3 Re7 27. Red1
Rf8 28. Ne5 Rd8 29. Bb3 Rf8 30. Qe1 Rd8 31. Qc3 Rf8 32. Re1 Rd8 33. Re4 Rf8 34.
Rd1 Rd8 35. Rde1 Kg7 36. Nc4 Kf7 37. Nd6+ Rxd6 38. cxd6 Qxd6 39. Qc5 Qxc5 40.
dxc5 h6 41. Rd1 Re8 42. Bc4 Be7 43. b4 Kf6 44. Kc2 Kf7 45. Ree1 Kf6 46. Kb3 Kf7
47. Rd2 Kf6 48. Rde2 Bf8 49. Bd3 Be7 50. Kc3 Bd8 51. a3 Bc7 52. a4 Rd8 53. Bc4
Re8 54. Rd1 e5 55. Re4 Re7 56. b5 axb5 57. axb5 cxb5 58. Bxb5 Ba5+ 59. Kb3 Bc7
60. Bc4 Bd7 61. Bd5 Bc8 62. Rb4 Rd7 63. Kc2 Bd8 64. Be4 1-0

[Event "2nd Borloy Androvitzky Karoly GM Memoria"]
[Site "Budapest"]
[Date "2011.07.08"]
[Round "6.2"]
[White "Blasko, Istvan"]
[Black "Szabo, Bence"]
[Result "1/2-1/2"]
[WhiteElo "2347"]
[BlackElo "2362"]
[PlyCount "92"]
[EventDate "2011.07.02"]

1. c4 c5 2. Nf3 Nf6 3. g3 Nc6 4. Bg2 d5 5. cxd5 Nxd5 6. Nc3 Nc7 7. d3 e5 8. O-O
Be7 9. Bd2 O-O 10. a3 Bd7 11. Rb1 f6 12. Ne1 Rc8 13. b4 b6 14. b5 Nd4 15. e3
Nf5 16. Qe2 Be6 17. Nc2 Qe8 18. a4 Qf7 19. a5 Rfd8 20. axb6 axb6 21. e4 Nd6 22.
f4 c4 23. d4 exd4 24. Nxd4 Nxe4 25. Nxe4 Rxd4 26. Be3 Rd3 27. Nf2 Nd5 28. f5
Rxe3 29. fxe6 Qxe6 30. Qd2 Rd8 31. Bh3 Qf7 32. Ng4 Rd3 33. Qg2 Bc5+ 34. Kh1 Qc7
35. Qe4 Bf8 36. Rbc1 Nc3 37. Qe1 Nd5 38. Qe4 Nc3 39. Qe1 Qb7+ 40. Bg2 Qd7 41.
Nxf6+ gxf6 42. Rxc3 Qf7 43. Rc2 R8d6 44. Qe2 Bg7 45. Qg4 c3 46. Be4 f5 1/2-1/2

[Event "2nd Borloy Androvitzky Karoly GM Memoria"]
[Site "Budapest"]
[Date "2011.07.08"]
[Round "6.3"]
[White "Gavrilov, Alexei"]
[Black "Vajda, Levente"]
[Result "1-0"]
[WhiteElo "2481"]
[BlackElo "2504"]
[PlyCount "131"]
[EventDate "2011.07.02"]

1. d4 Nf6 2. Nf3 c5 3. d5 d6 4. Nc3 e5 5. e4 Nbd7 6. Be2 Be7 7. O-O O-O 8. a4
g6 9. Bh6 Re8 10. Nd2 Kh8 11. Nc4 Nb6 12. Na3 a5 13. Bd2 Bf8 14. Bb5 Bd7 15. b3
Nh5 16. Bxd7 Nxd7 17. Nc4 Ndf6 18. Qf3 Ra6 19. Nb5 Kg8 20. Rfe1 Be7 21. Rad1
Ra8 22. Bg5 Ra6 23. h3 Rf8 24. Bh6 Ng7 25. Qc3 Nfe8 26. f4 exf4 27. Bxf4 f6 28.
Bd2 b6 29. Bf4 Rf7 30. Rf1 Bf8 31. Bh2 Ra8 32. Qf3 f5 33. e5 f4 34. g3 dxe5 35.
Nxe5 Rf5 36. gxf4 Nd6 37. Ng4 Nge8 38. Nxd6 Nxd6 39. Rde1 Ra7 40. Re6 Raf7 41.
c4 Rh5 42. Ne5 Rff5 43. Qg2 Nf7 44. Kh1 Nxe5 45. fxe5 Rhg5 46. Qe2 Bg7 47. Rxf5
Rxf5 48. Qg4 Qf8 49. Bg3 Qf7 50. Kg2 Bh8 51. Qe2 h5 52. Rxb6 h4 53. e6 Qe7 54.
Qg4 Qf6 55. Rb8+ Kg7 56. Qxh4 Qb2+ 57. Bf2 Rh5 58. Qe7+ Kh6 59. Rxh8+ Qxh8 60.
Be3+ g5 61. h4 Kg6 62. Qf7+ Kh6 63. e7 Qb2+ 64. Bf2 Rxh4 65. Qf8+ Kh7 66. Qf5+
1-0

[Event "2nd Borloy Androvitzky Karoly GM Memoria"]
[Site "Budapest"]
[Date "2011.07.08"]
[Round "6.4"]
[White "Feher, Adam"]
[Black "Varga, Zoltan"]
[Result "1/2-1/2"]
[WhiteElo "2323"]
[BlackElo "2483"]
[PlyCount "39"]
[EventDate "2011.07.02"]

1. e4 d5 2. exd5 Qxd5 3. Nc3 Qa5 4. d4 Nf6 5. Nf3 Bg4 6. h3 Bh5 7. g4 Bg6 8.
Ne5 e6 9. Bg2 c6 10. Qe2 Nbd7 11. Bd2 Nxe5 12. dxe5 Nd7 13. Nd5 Qd8 14. Ne3 Qc7
15. Nc4 Nb6 16. O-O-O Nxc4 17. Qxc4 O-O-O 18. Be3 Rxd1+ 19. Rxd1 a6 20. Bg5
1/2-1/2

[Event "2nd Borloy Androvitzky Karoly GM Memoria"]
[Site "Budapest"]
[Date "2011.07.09"]
[Round "7.1"]
[White "Balazs, Gabor"]
[Black "Szablowski, Pawel"]
[Result "1/2-1/2"]
[WhiteElo "2383"]
[BlackElo "2433"]
[PlyCount "91"]
[EventDate "2011.07.02"]

1. d4 Nf6 2. c4 c5 3. d5 e5 4. Nc3 d6 5. e4 Nbd7 6. g3 g6 7. h4 Bg7 8. Bh3 O-O
9. Nf3 a6 10. a4 Nb6 11. Bxc8 Qxc8 12. Qe2 Nh5 13. Bd2 h6 14. Ra3 Qg4 15. b3
Qc8 16. Nh2 Qe8 17. Ng4 f5 18. Ne3 f4 19. Nf1 fxg3 20. fxg3 Rxf1+ 21. Rxf1 Nxg3
22. Qg4 Nxf1 23. Kxf1 Qf7+ 24. Kg2 Rf8 25. Qe6 Kh7 26. Qxf7 Rxf7 27. Ra1 h5 28.
Bg5 Nd7 29. Rf1 Rxf1 30. Kxf1 Bf6 31. Kf2 Bxg5 32. hxg5 Kg7 33. Kg3 Kf7 34. Kh4
Ke7 35. Ne2 Kd8 36. Ng3 Ke7 37. Ne2 a5 38. Ng1 Nb8 39. Nf3 Na6 40. Nd2 Nb4 41.
Kg3 Nc2 42. Kh4 Nd4 43. Kg3 Kd7 44. Kh3 Ne2 45. Kh4 Nc3 46. Kg3 1/2-1/2

[Event "2nd Borloy Androvitzky Karoly GM Memoria"]
[Site "Budapest"]
[Date "2011.07.09"]
[Round "7.2"]
[White "Varga, Zoltan"]
[Black "Mihok, Oliver"]
[Result "1-0"]
[WhiteElo "2483"]
[BlackElo "2457"]
[PlyCount "71"]
[EventDate "2011.07.02"]

1. d4 d5 2. c4 c6 3. Nf3 Nf6 4. Nc3 e6 5. Qd3 dxc4 6. Qxc4 b5 7. Qd3 a6 8. e4
c5 9. dxc5 Qxd3 10. Bxd3 Bxc5 11. e5 Nd5 12. Nxd5 exd5 13. a4 b4 14. Bd2 Bg4
15. Nh4 Nd7 16. f4 g5 17. Nf5 gxf4 18. Bxf4 f6 19. exf6 Nxf6 20. Rc1 Bxf5 21.
Bxf5 Bd4 22. Bh6 Rg8 23. Rc2 Ra7 24. Kd1 Kf7 25. Rf1 Re8 26. g4 Kg8 27. g5 Ne4
28. Be6+ Kh8 29. Bxd5 Nf2+ 30. Kc1 Nd3+ 31. Kb1 Rae7 32. Rd2 Re1+ 33. Rxe1
Rxe1+ 34. Kc2 Re5 35. Kxd3 Rxd5 36. Ke4 1-0

[Event "2nd Borloy Androvitzky Karoly GM Memoria"]
[Site "Budapest"]
[Date "2011.07.09"]
[Round "7.3"]
[White "Vajda, Levente"]
[Black "Feher, Adam"]
[Result "1-0"]
[WhiteElo "2504"]
[BlackElo "2323"]
[PlyCount "97"]
[EventDate "2011.07.02"]

1. e4 e5 2. Nf3 Nc6 3. Bc4 Bc5 4. d3 Nf6 5. c3 a6 6. Nbd2 Ba7 7. Nf1 O-O 8. Bg5
h6 9. Bh4 d6 10. Ne3 Be6 11. Bxe6 fxe6 12. Ng4 Qe8 13. Bxf6 gxf6 14. Nxh6+ Kh7
15. Ng4 Qg6 16. Ne3 Bxe3 17. fxe3 Qxg2 18. Rg1 Qh3 19. Rg3 Qh6 20. Kf2 Rg8 21.
Qb3 Rxg3 22. hxg3 Nd8 23. d4 Qg6 24. Rh1+ Kg7 25. Rh4 Rb8 26. Nh2 Kf7 27. c4
exd4 28. exd4 Nc6 29. Nf3 Ne7 30. Rf4 Qh6 31. e5 dxe5 32. Nxe5+ Kg7 33. Rg4+
Kf8 34. Nd7+ Kf7 35. Nxb8 Qd2+ 36. Kf3 Nf5 37. d5 e5 38. c5 Nd4+ 39. Rxd4 exd4
40. d6+ Kg7 41. dxc7 d3 42. Qe6 Qd1+ 43. Kg2 Qd2+ 44. Kh3 Qh6+ 45. Kg4 d2 46.
Qd7+ Kg6 47. Qd3+ Kg7 48. c8=Q f5+ 49. Qcxf5 1-0

[Event "2nd Borloy Androvitzky Karoly GM Memoria"]
[Site "Budapest"]
[Date "2011.07.09"]
[Round "7.4"]
[White "Szabo, Bence"]
[Black "Gavrilov, Alexei"]
[Result "1/2-1/2"]
[WhiteElo "2362"]
[BlackElo "2481"]
[PlyCount "194"]
[EventDate "2011.07.02"]

1. d4 Nf6 2. c4 e6 3. Nc3 Bb4 4. Qc2 d5 5. cxd5 Qxd5 6. Nf3 Qf5 7. Qb3 Nc6 8.
Bd2 O-O 9. h3 Rd8 10. g4 Qg6 11. e3 Ne4 12. Bg2 Nxd2 13. Nxd2 Bf8 14. Nc4 h5
15. O-O-O a5 16. Be4 Qf6 17. f4 Nb4 18. Ne5 c5 19. g5 Qe7 20. a3 cxd4 21. exd4
Qc7 22. Kb1 Nc6 23. g6 fxg6 24. Bxg6 Nxd4 25. Rxd4 Rxd4 26. Bf7+ Qxf7 27. Nxf7
Kxf7 28. f5 Ra6 29. fxe6+ Rxe6 30. Nb5 Rde4 31. Nc7 a4 32. Qf3+ Rf6 33. Qxh5+
g6 34. Qd5+ Be6 35. Nxe6 Rfxe6 36. Rf1+ Kg7 37. Qxb7+ Be7 38. Rf2 Kh6 39. Kc2
Rc4+ 40. Kd3 Rcc6 41. Qa8 Red6+ 42. Ke4 Rc4+ 43. Kf3 Rf6+ 44. Kg2 Rxf2+ 45.
Kxf2 Bf6 46. Qa6 Rf4+ 47. Ke3 Bg5 48. Ke2 Bf6 49. Qb5 Re4+ 50. Kf3 Rh4 51. Kg2
Rd4 52. b4 axb3 53. Qxb3 Re4 54. a4 Re5 55. Qb6 Be7 56. a5 Bc5 57. Qc7 Rg5+ 58.
Kf3 Rh5 59. Ke4 Rh4+ 60. Kd5 Be3 61. Qc3 Rh5+ 62. Ke6 Bc5 63. Qh8+ Kg5 64. Qf6+
Kh6 65. a6 Rf5 66. Qh8+ Kg5 67. h4+ Kg4 68. Qh6 Rh5 69. Qxg6+ Kxh4 70. Qg7 Rg5
71. Qh7+ Kg4 72. a7 Bxa7 73. Qxa7 Kf4 74. Qd4+ Kf3 75. Kf6 Rg4 76. Qd3+ Kf4 77.
Qf5+ Kg3 78. Ke5 Rg7 79. Kd4 Ra7 80. Qe5+ Kf3 81. Qe8 Ra1 82. Qf7+ Kg4 83. Qg6+
Kf4 84. Qf6+ Kg4 85. Ke4 Ra4+ 86. Ke3 Ra3+ 87. Kf2 Ra2+ 88. Kf1 Rd2 89. Qg6+
Kf3 90. Qf6+ Ke3 91. Qh6+ Kd3 92. Ke1 Re2+ 93. Kd1 Re4 94. Qd2+ Kc4 95. Qa2+
Kc5 96. Qa3+ Kd5 97. Qb3+ Ke5 {after 27 move} 1/2-1/2

[Event "2nd Borloy Androvitzky Karoly GM Memoria"]
[Site "Budapest"]
[Date "2011.07.09"]
[Round "7.5"]
[White "Lorscheid, Gerhard"]
[Black "Blasko, Istvan"]
[Result "1-0"]
[WhiteElo "2265"]
[BlackElo "2347"]
[PlyCount "43"]
[EventDate "2011.07.02"]

1. d4 Nf6 2. c4 g6 3. Nc3 d5 4. Bg5 Ne4 5. Bh4 Nxc3 6. bxc3 Bg7 7. e3 c6 8. Nf3
O-O 9. Be2 b6 10. O-O Bb7 11. Rb1 Nd7 12. a4 dxc4 13. Bxc4 Rc8 14. Qe2 Nb8 15.
Rfd1 a6 16. h3 b5 17. Bd3 Ba8 18. c4 bxc4 19. Bxc4 c5 20. d5 Qd7 21. a5 Rc7 22.
Bxe7 1-0

[Event "2nd Borloy Androvitzky Karoly GM Memoria"]
[Site "Budapest"]
[Date "2011.07.10"]
[Round "8.1"]
[White "Szablowski, Pawel"]
[Black "Blasko, Istvan"]
[Result "1-0"]
[WhiteElo "2433"]
[BlackElo "2347"]
[PlyCount "37"]
[EventDate "2011.07.02"]

1. f4 d5 2. Nf3 Nf6 3. e3 g6 4. d4 Bg7 5. Bd3 O-O 6. O-O c5 7. c3 b6 8. Qe2 Bf5
9. Bxf5 gxf5 10. Nbd2 Nbd7 11. Ne5 cxd4 12. exd4 Ne4 13. Rf3 f6 14. Nc6 Qe8 15.
Rh3 a5 16. Nxe4 fxe4 17. f5 Ne5 18. dxe5 Qxc6 19. e6 1-0